000 00374nam a22001337a 4500
005 20200619152646.0
008 200619b xxu||||| |||| 00| 0 eng d
082 _a345.4 LIC
110 _aALL INDIA REPORTER
_96243
245 _aLABOUR AND INDUSTRIAL CASES [1974] LAB , I. C V -I
260 _aMUMBAI
_bALL INDIA REPORTER Pvt.Ltd.
_c1974
650 _aLAW
_95701
942 _cJRL
999 _c7337
_d7335